000 03086nam0a2200445 4500
001 RU\NLR\BIBL_A\011700565
005 20250630160104.0
020 _aRU
_b14942
_9Сводный каталог листовок первых лет Советской власти (25 октября (7 ноября) 1917 - 1925) Т.5. Листовки советских, партийных, профсоюзных, комсомольских и других организаций Уральской области, автономных областей и республик РСФСР. Ч.2
035 _a(NLR Aleph) 011700565
090 _a11387459
_c11387459
100 _a20180516d1920 |||y0rusy50 ca
101 0 _arus
102 _aRU
105 _ay z 000zy
135 _acrcn 024apada
200 1 _aИнструкция по проведению повинности для лесозаготовок и подвоза топлива на Урале
_e(принято на заседании Уралкомтруда 18 окт. 1920 г.)
_e[листовка
_fУральский обл. комитет по всеобщей трудовой повинности]
210 _aКамышлов
_cКамышлов. гос.тип.
_d1920, дек.
215 _a1 с. в 2 стб.
_d43х32
300 _aПодписи: Предуралкомтруд и Уполнаркомтруд Увзеров. Уралкомпрода Пономаренко. Начураллесотдела Чекин и др.
325 1 _aКопия доступна в Электронной библиотеке РНБ
607 _aРСФСР
_jЛистовки
_xПолитика и управление
_y1917 - 1925
_92312782
_3RU\NLR\auth\6601609564
607 _aЕкатеринбургская губерния
_jЛистовки
_xПолитика и управление
_92471147
_3RU\NLR\AUTH\6601684649
686 0 _aТ3(2)71-313,011
686 0 _aТ3(2Р-7Е)713-313,011
702 1 _4720
_7ca
_8rus
_aЕвзеров
_bД.
_cучастник установления советской власти, предуралкомтруда, Уральская обл.
_9194055
_3RU\NLR\AUTH\770194106
702 1 _4720
_7ca
_8rus
_aПономаренко
_cслужащий Уралкомпрода
_9194063
_3RU\NLR\AUTH\770194114
702 1 _7ca
_8rus
_aЧекин
_cначальник Ураллесотдела
_9194065
_3RU\NLR\AUTH\770194116
711 0 2 _aУральский областной комитет по всеобщей трудовой повинности
_9623489
_3RU\NLR\AUTH\880481445
852 0 0 _aNLR
_bФЛ
_j28/134
856 0 _uhttps://vivaldi.nlr.ru/ll000078828/view
856 1 _uhttps://vivaldi.nlr.ru/ll000078828/cover
856 2 _uhttps://vivaldi.nlr.ru/ll000078828/text
942 _cBOOK
980 _aNB
981 2 1 _a(21) Листовки
_b(21) Листовки 1920 года